Top 10 States with the Most Smokers - Statistics

General Stats
  • This quiz has been taken 49 times
  • The average score is 6 of 10
Answer Stats
# Hint Answer % Correct
6 23.0% Mississippi
82%
5 24.0% Louisiana
75%
2 26.2% Kentucky
70%
4 24.2% Tennessee
70%
3 24.7% Arkansas
68%
8 21.5% South Carolina
57%
1 26.7% West Virginia
57%
7 22.9% Indiana
55%
9 21.2% Michigan
55%
10 21.1% Oklahoma
52%
No matching quizzes found
Score Distribution
Percent of People with Each Score
Percentile by Number Answered
Your Score History
You have not taken this quiz